000
00256nam a22001097a 4500
082
_a
621.3192 BRU'C
100
_a
BRUINSMA, A. H
_9
57561
245
_a
CIRCUITS USING DIRECT CURRENT RELAYS
260
_a
LONDON
_b
PHILIP
_c
1965
300
_a
86P
942
_c
BK
999
_c
567830
_d
567830